Регионална библиотека "Любен Каравелов" - Русе

Кое прави фотографията велика (Запис номер 130945)

MARC детайли
000 -Лидер
Контролно поле с фиксирана дължина 01694nam a2200421 c 4500
003 - Код на организацията, давaща контролен номер
Контролно поле BLK
005 - Дата и час на последна редакция
Контролно поле 20180422111530.0
008 - Елементи от данни с фиксирана дължина
fixed length control field 180409b bul|||||r ||||||| ||bul||
010 ## - Наследен системен номер
LC control number KNG00136743000
020 ## - Международен стандартен номер на книга ISBN
Международен стандартен номер на книга ISBN 978-954-8432-40-5
-- издат.: Книгомания
040 ## - Източник на каталожния запис
Идентификатор на билиотеката - собственик на записа BLK
041 ## - Код за език
Код за езика на текст/звукозапис или на отделно заглавие Български
Код за езика КДБФ Български
072 #7 - Код за тематичната категория
Код организация bullib
Код за тематична категория Н70
Текст Изкуства Н
080 ## - УДК
Текстов определител УДК
УДК код - определител по УДК 77.03/.04
УДК определител (100)(091)
УДК - код + определител 77.03/.04(100)(091)
080 ## - УДК
Текстов определител УДК
УДК код - определител по УДК 77.03/.04
УДК определител .071.1(100)(092)
УДК - код + определител 77.03/.04.071.1(100)(092)
080 ## - УДК
Текстов определител УДК Биографии
УДК код - определител по УДК 929
УДК определител (100)
УДК - код + определител 929(100)
100 1# - Редна дума - Автор
Автор Уилямс, Вал
Авторска отговорност първи автор
R(LIN) 322506
139 ## - Редно поле
Редна дума Уилямс, Вал
Авторски знак Уиля - У 40
245 10 - Сведения за заглавието
Заглавие Кое прави фотографията велика
Подзаглавни данни 80 шедьовъра
Редно поле (дума) Вал Уилямс; прев. Елена Крумова.
257 ## - Страна на издаване
Страна на създаване/издаване Великобритания
260 ## - Област на издателските данни
-- София
Име на издателя, разпространителя и проч. Книгомания
Година на издаване 2012
Печатница отпеч. в Китай
300 ## - Физическа характеристика
Страници 224 с.
Илюстрации и др. с ил.
Размери/Мащаб 13Х18 см
380 ## - Жанр
Жанр Изкуство
500 ## - Общи забележки
Забележка Без сведение за ориг. загл. - Съдържа за авт. - Биогр. на фотографи ; Хронология ; Показалец.
650 #4 - Допълнително описание по предмет – тема
Основно описание – тема или топоним Фотография
9 (RLIN) 175953
650 #4 - Допълнително описание по предмет – тема
Основно описание – тема или топоним Фотографи
9 (RLIN) 175947
653 ## - Ключова дума – ненормативна
Ключова дума художествена фотография
653 ## - Ключова дума – ненормативна
Ключова дума фотография
653 ## - Ключова дума – ненормативна
Ключова дума документална фотография
653 ## - Ключова дума – ненормативна
Ключова дума фотографи
659 ## - Тематичен бюлетин
Тематичен бюлетин Н
700 1# - Други автори (авторска отговорност)
Лично име Крумова, Елена
Автороска отговорност (Описва отношението между автора и произведението) прев.
9 (RLIN) 373100
852 ## - Местоположение
Форматна сигнатура Цб І 34514
856 4# - Електронен адрес и достъп
Електронен формат pdf - файл
Път до файла /url/
856 4# - Електронен адрес и достъп
Електронен формат pdf - файл
Път до файла /url/
942 ## - АРТИКУЛИ
Вид на библиотечния материал Книги
Скрит в OPAC Не
944 ## - СЪЗДАВАНЕ И РЕДАКЦИЯ на ЗАПИСА
Създаване/Редакция Създаване
Дата на регистрацията/редакция 07.08.2007
Статус, дата на статуса ф /
Служител, извършил регистрацията/редакцията Пенка_Димитрова
944 ## - СЪЗДАВАНЕ И РЕДАКЦИЯ на ЗАПИСА
Създаване/Редакция Редакция
Дата на регистрацията/редакция 21.07.2015
Статус, дата на статуса ф /
Служител, извършил регистрацията/редакцията Ирена_Линкова
999 ## - СИСТЕМНИ КОНТРОЛНИ НОМЕРА
Koha biblionumber 130945
Koha biblioitemnumber 130945
Наличности
Код за отписване Код за изгубен артикул Източник на класификационната схема Код за повреда Коз за рестрикции Код за отдаване Артикулен № Име на библиотеката - собственик Име на библиотеката, в която се намира в момента Статус (Текущо местоположение) Дата на вписване в системата Местоположение - отдел Цена в лева Инвентарен номер Систематично азбучна сигнатура Баркод Номер на екземпляра Цена в евро Служебна бележка Служебен тип на артикула
  Не е изгубен Universal Decimal Classification Не е повреден без рестрикции заемане за дома 213386 Регионална библиотека "Любен Каравелов" Русе Регионална библиотека "Любен Каравелов" Русе Отдел Изкуство - подръчен фонд 2012-11-26 Отдел Изкуство - подръчен фонд 18.00 120000761687 77/У 40 120000761687 1 9.20 Дост: Pk Вид: Ф N: 322 Дата: 19.11.2012 Книги
  Не е изгубен Universal Decimal Classification Не е повреден без рестрикции заемане за дома 213387 Регионална библиотека "Любен Каравелов" Русе Регионална библиотека "Любен Каравелов" Русе Отдел Изкуство - подръчен фонд 2013-04-05 Отдел Изкуство - подръчен фонд 18.00 120000765626 77/У 40 120000765626 2 9.20 Дост: DA Вид: А N: 4 Дата: 05.04.2013 Дата инв: 31.01.2018 Бележки инв: ИП2015 Книги
  Не е изгубен Universal Decimal Classification Не е повреден само за читалня ползва се в читалня 213388 Регионална библиотека "Любен Каравелов" Русе Регионална библиотека "Любен Каравелов" Русе Хранилище 2014-09-03 Хранилище 18.00 120000780072 Цб І 34514 120000780072 3 9.20 Дост: Dp Вид: Д N: 46 Дата: 11.11.2013 Книги
Vip Innovations Ltd, Rousse, Bulgaria 2025